[Event "African Online-ch Women 2021"]
[Site "Online"]
[Date "2021.02.01"]
[Round "7.13"]
[White "Namangale, Susan"]
[Black "Castro, Neusa Aridas De"]
[Result "0-1"]
[WhiteElo "1344"]
[BlackElo "1512"]
[Annotator "NA RC"]
[PlyCount "64"]
[EventDate "2021.02.01"]
[EventType "swiss"]
[EventCountry "NET"]
[SourceTitle "playchess.com"]
[Source "ChessBase"]
[SourceQuality "1"]
[TimeControl "1500+10"]

1. Nf3 {[%emt 0:00:00]} e6 {[%emt 0:00:09]} 2. g3 {[%emt 0:00:05]} d5 {[%emt 0:00:03]} 3. d4 {[%emt 0:00:04]} Nf6 {[%emt 0:00:03]} 4. e3 {[%emt 0:00:13]} Be7 {[%emt 0:00:05]} 5. Bg2 {[%emt 0:00:03]} O-O {[%emt 0:00:03]} 6. O-O {[%emt 0:00:03]} c5 {[%emt 0:00:02]} 7. c3 {[%emt 0:00:21]} Nc6 {[%emt 0:00:08]} 8. b3 {[%emt 0:00:51]} Bd7 {[%emt 0:01:11]} 9. c4 {[%emt 0:00:37]} Qb6 {[%emt 0:00:24]} 10. dxc5 {[%emt 0:01:03]} Bxc5 {[%emt 0:00:44]} 11. Bb2 {[%emt 0:00:09]} Be7 {[%emt 0:00:16]} 12. cxd5 {[%emt 0:01:18]} Nxd5 {[%emt 0:00:20]} 13. e4 {[%emt 0:00:28]} Nf6 {[%emt 0:00:40]} 14. Ne5 {[%emt 0:01:34]} Nxe5 {[%emt 0:00:45]} 15. Bxe5 {[%emt 0:00:13]} Bc6 {[%emt 0:00:07]} 16. Nd2 {[%emt 0:01:09]} Rfd8 {[%emt 0:00:09]} 17. Bc3 {[%emt 0:00:50]} Bxe4 {[%emt 0:02:20]} 18. Bxe4 {[%emt 0:01:18]} Nxe4 {[%emt 0:00:16]} 19. Rc1 {[%emt 0:02:34]} Rac8 {[%emt 0:02:48]} 20. Qe2 {[%emt 0:00:59]} Nxc3 {[%emt 0:00:14]} 21. Qe1 {[%emt 0:02:50]} Nxa2 {[%emt 0:00:23]} 22. Rxc8 {[%emt 0:00:35]} Rxc8 {[%emt 0:00:05]} 23. Qb1 {[%emt 0:00:35]} Nb4 {[%emt 0:00:20]} 24. Nc4 {[%emt 0:00:30]} Qb5 {[%emt 0:00:28]} 25. Rd1 {[%emt 0:00:46]} Nd5 {[%emt 0:00:14]} 26. Rd4 {[%emt 0:01:30]} Bf6 {[%emt 0:00:13]} 27. Rd3 {[%emt 0:00:16]} Rxc4 {[%emt 0:00:41]} 28. Qa2 {[%emt 0:01:10]} Rc8 {[%emt 0:00:15]} 29. Qxa7 {[%emt 0:00:19]} Qxd3 {[%emt 0:00:15]} 30. Qxb7 {[%emt 0:00:49]} Rc1+ {[%emt 0:00:18]} 31. Kg2 {[%emt 0:00:05]} Qe4+ {[%emt 0:00:11]} 32. f3 {[%emt 0:00:32]} Nf4+ {[%emt 0:00:21]} 0-1

[Event "African Online-ch Women 2021"]
[Site "Online"]
[Date "2021.02.01"]
[Round "7.14"]
[White "Leboela, Maboloko"]
[Black "Ibtihal Mohammed"]
[Result "1-0"]
[WhiteElo "1296"]
[BlackElo "1491"]
[Annotator "NA RC"]
[PlyCount "97"]
[EventDate "2021.02.01"]
[EventType "swiss"]
[EventCountry "NET"]
[SourceTitle "playchess.com"]
[Source "ChessBase"]
[SourceQuality "1"]
[TimeControl "1500+10"]

1. e4 {[%emt 0:00:00]} c5 {[%emt 0:00:07]} 2. Nf3 {[%emt 0:00:04]} e6 {[%emt 0:00:04]} 3. d4 {[%emt 0:00:03]} cxd4 {[%emt 0:00:02]} 4. Nxd4 {[%emt 0:00:02]} Nc6 {[%emt 0:00:02]} 5. Nc3 {[%emt 0:00:04]} Bc5 {[%emt 0:00:06]} 6. Nb3 {[%emt 0:00:06]} Bb6 {[%emt 0:00:06]} 7. Na4 {[%emt 0:00:07]} Bc7 {[%emt 0:00:04]} 8. Be2 {[%emt 0:00:15]} Nge7 {[%emt 0:00:03]} 9. O-O {[%emt 0:00:08]} O-O {[%emt 0:00:03]} 10. Bd3 {[%emt 0:00:05]} h6 {[%emt 0:00:04]} 11. Qg4 {[%emt 0:00:06]} Ng6 {[%emt 0:00:08]} 12. f4 {[%emt 0:00:07]} Qh4 {[%emt 0:00:10]} 13. Qf3 {[%emt 0:00:20]} Nd4 {[%emt 0:00:07]} 14. Nxd4 {[%emt 0:00:06]} a6 {[%emt 0:00:16]} 15. Nc3 {[%emt 0:00:04]} Bb6 {[%emt 0:00:05]} 16. Be3 {[%emt 0:00:07]} d5 {[%emt 0:00:22]} 17. exd5 {[%emt 0:00:16]} e5 {[%emt 0:00:15]} 18. Nde2 {[%emt 0:00:06]} Bxe3+ {[%emt 0:00:20]} 19. Qxe3 {[%emt 0:00:04]} exf4 {[%emt 0:00:07]} 20. Nxf4 {[%emt 0:00:04]} Ne7 {[%emt 0:00:33]} 21. d6 {[%emt 0:00:07]} Nc6 {[%emt 0:00:07]} 22. Qf2 {[%emt 0:00:11]} Qg5 {[%emt 0:00:29]} 23. Ne4 {[%emt 0:00:09]} Qe5 {[%emt 0:00:10]} 24. c3 {[%emt 0:00:26]} Bd7 {[%emt 0:00:21]} 25. Rae1 {[%emt 0:00:07]} Qa5 {[%emt 0:01:59]} 26. a3 {[%emt 0:00:12]} Ne5 {[%emt 0:00:10]} 27. Bb1 {[%emt 0:00:07]} Rac8 {[%emt 0:00:41]} 28. Nd3 {[%emt 0:00:26]} Nc4 {[%emt 0:01:18]} 29. Ndc5 {[%emt 0:00:13]} Bc6 {[%emt 0:03:05]} 30. d7 {[%emt 0:00:05]} Rcd8 {[%emt 0:00:49]} 31. Ba2 {[%emt 0:00:13]} Ne5 {[%emt 0:00:13]} 32. Qf5 {[%emt 0:00:20]} Nxd7 {[%emt 0:00:32]} 33. Nxd7 {[%emt 0:00:08]} Qxf5 {[%emt 0:00:16]} 34. Rxf5 {[%emt 0:00:08]} Rxd7 {[%emt 0:00:20]} 35. Nc5 {[%emt 0:00:05]} Rd2 {[%emt 0:00:08]} 36. Rf2 {[%emt 0:00:04]} Rfd8 {[%emt 0:00:10]} 37. Ree2 {[%emt 0:00:43]} Rd1+ {[%emt 0:00:23]} 38. Rf1 {[%emt 0:00:05]} Rxf1+ {[%emt 0:00:10]} 39. Kxf1 {[%emt 0:00:03]} Bb5 {[%emt 0:00:04]} 40. c4 {[%emt 0:00:03]} Bc6 {[%emt 0:00:07]} 41. Kf2 {[%emt 0:00:04]} a5 {[%emt 0:00:04]} 42. g3 {[%emt 0:00:28]} b6 {[%emt 0:00:06]} 43. Ne4 {[%emt 0:00:07]} Rd4 {[%emt 0:00:07]} 44. Nc3 {[%emt 0:00:05]} Rd6 {[%emt 0:00:14]} 45. b4 {[%emt 0:00:06]} axb4 {[%emt 0:00:11]} 46. axb4 {[%emt 0:00:02]} Rd3 {[%emt 0:00:06]} 47. b5 {[%emt 0:00:09]} Bb7 {[%emt 0:00:19]} 48. Re8+ {[%emt 0:00:05]} Kh7 {[%emt 0:00:06]} 49. Bb1 {[%emt 0:00:02]} 1-0

[Event "African Online-ch Women 2021"]
[Site "Online"]
[Date "2021.02.01"]
[Round "7.15"]
[White "Karania, Saloni"]
[Black "Jambo, Linda"]
[Result "0-1"]
[WhiteElo "1304"]
[BlackElo "1478"]
[Annotator "NA RC"]
[PlyCount "112"]
[EventDate "2021.02.01"]
[EventType "swiss"]
[EventCountry "NET"]
[SourceTitle "playchess.com"]
[Source "ChessBase"]
[SourceQuality "1"]
[TimeControl "1500+10"]

1. d4 {[%emt 0:00:00]} Nf6 {[%emt 0:00:13]} 2. c4 {[%emt 0:00:04]} d5 {[%emt 0:00:07]} 3. Nc3 {[%emt 0:00:06]} c6 {[%emt 0:00:18]} 4. Nf3 {[%emt 0:00:13]} Bg4 {[%emt 0:00:08]} 5. e3 {[%emt 0:00:12]} e6 {[%emt 0:00:10]} 6. h3 {[%emt 0:00:10]} Bh5 {[%emt 0:00:05]} 7. Be2 {[%emt 0:00:06]} Bb4 {[%emt 0:00:07]} 8. Bd2 {[%emt 0:00:23]} O-O {[%emt 0:00:05]} 9. a3 {[%emt 0:00:08]} Be7 {[%emt 0:00:19]} 10. Qc2 {[%emt 0:00:40]} dxc4 {[%emt 0:00:17]} 11. Bxc4 {[%emt 0:00:26]} Bxf3 {[%emt 0:00:05]} 12. gxf3 {[%emt 0:00:03]} Nbd7 {[%emt 0:00:19]} 13. e4 {[%emt 0:00:16]} Nb6 {[%emt 0:00:07]} 14. Bd3 {[%emt 0:00:23]} Qxd4 {[%emt 0:00:15]} 15. Be3 {[%emt 0:00:19]} Qd8 {[%emt 0:00:41]} 16. O-O-O {[%emt 0:00:11]} Qc7 {[%emt 0:00:30]} 17. Rhg1 {[%emt 0:00:14]} Bd6 {[%emt 0:02:58]} 18. Ne2 {[%emt 0:01:18]} Rfd8 {[%emt 0:01:51]} 19. f4 {[%emt 0:00:21]} Bf8 {[%emt 0:01:16]} 20. e5 {[%emt 0:00:25]} Nfd5 {[%emt 0:00:13]} 21. Bxh7+ {[%emt 0:01:00]} Kh8 {[%emt 0:00:03]} 22. Bxb6 {[%emt 0:00:35]} Qxb6 {[%emt 0:00:43]} 23. Be4 {[%emt 0:00:27]} Qxf2 {[%emt 0:00:44]} 24. Rgf1 {[%emt 0:00:56]} Qc5 {[%emt 0:01:40]} 25. Qxc5 {[%emt 0:00:49]} Bxc5 {[%emt 0:00:04]} 26. Rf3 {[%emt 0:00:30]} f5 {[%emt 0:02:13]} 27. exf6 {[%emt 0:00:32]} gxf6 {[%emt 0:00:13]} 28. f5 {[%emt 0:00:41]} e5 {[%emt 0:00:25]} 29. h4 {[%emt 0:01:16]} Rd6 {[%emt 0:03:05]} 30. Rh1 {[%emt 0:00:52]} Rad8 {[%emt 0:00:10]} 31. b4 {[%emt 0:00:41]} Be3+ {[%emt 0:00:18]} 32. Kc2 {[%emt 0:00:27]} Bf4 {[%emt 0:00:12]} 33. Bxd5 {[%emt 0:00:11]} Rxd5 {[%emt 0:00:07]} 34. Nxf4 {[%emt 0:00:12]} exf4 {[%emt 0:00:02]} 35. Rxf4 {[%emt 0:00:04]} Rd2+ {[%emt 0:00:05]} 36. Kc1 {[%emt 0:00:13]} Ra2 {[%emt 0:00:09]} 37. Rff1 {[%emt 0:01:41]} Rxa3 {[%emt 0:01:20]} 38. Rd1 {[%emt 0:00:20]} Rxd1+ {[%emt 0:00:06]} 39. Rxd1 {[%emt 0:00:04]} Ra1+ {[%emt 0:00:23]} 40. Kc2 {[%emt 0:00:02]} Rxd1 {[%emt 0:00:03]} 41. Kxd1 {[%emt 0:00:02]} Kg7 {[%emt 0:00:04]} 42. Kc2 {[%emt 0:00:07]} Kh6 {[%emt 0:00:03]} 43. Kc3 {[%emt 0:00:04]} Kh5 {[%emt 0:00:02]} 44. Kd4 {[%emt 0:00:02]} Kxh4 {[%emt 0:00:02]} 45. Kc5 {[%emt 0:00:03]} Kg5 {[%emt 0:00:06]} 46. Kd6 {[%emt 0:00:05]} Kxf5 {[%emt 0:00:03]} 47. Ke7 {[%emt 0:00:02]} Ke5 {[%emt 0:00:05]} 48. Kf7 {[%emt 0:00:03]} f5 {[%emt 0:00:03]} 49. Ke7 {[%emt 0:00:02]} f4 {[%emt 0:00:04]} 50. Kd7 {[%emt 0:00:01]} f3 {[%emt 0:00:04]} 51. Kc7 {[%emt 0:00:01]} f2 {[%emt 0:00:03]} 52. Kxb7 {[%emt 0:00:01]} f1=Q {[%emt 0:00:06]} 53. Kxa7 {[%emt 0:00:04]} Qb5 {[%emt 0:00:05]} 54. Ka8 {[%emt 0:00:02]} Kd6 {[%emt 0:00:04]} 55. Ka7 {[%emt 0:00:05]} Kc7 {[%emt 0:00:04]} 56. Ka8 {[%emt 0:00:02]} Qb7# {[%emt 0:00:03]} 0-1

[Event "African Online-ch Women 2021"]
[Site "Online"]
[Date "2021.02.01"]
[Round "8.1"]
[White "Latreche, Khadidja"]
[Black "Miladi, Amen"]
[Result "1-0"]
[WhiteElo "1900"]
[BlackElo "1802"]
[Annotator "TA"]
[PlyCount "131"]
[EventDate "2021.02.01"]
[EventType "swiss"]
[EventCountry "NET"]
[SourceTitle "playchess.com"]
[Source "ChessBase"]
[SourceQuality "1"]

{[%evp 14,131,37,20,66,49,71,44,47,3,6,15,2,7,6,-17,-16,-60,-27,-12,-33,-73,-37,-42,-54,-83,-79,-104,-116,-161,-147,-168,-113,-155,-100,-100,-94,-170,-106,-215,-155,-264,-62,-70,-69,-65,0,0,33,33,28,0,0,-5,33,0,55,43,99,33,206,203,276,127,227,227,227,227,294,293,290,277,350,348,320,285,275,234,350,350,578,593,584,554,492,467,455,424,446,391,419,406,860,860,855,811,665,665,769,659,29985,29986,29986,29987,29993,29984,29986,29978,29983,29975,29974,29974,29979,29980,29980,29981,29983,29981,29988,29987]} 1. e4 c5 2. Nf3 e6 3. d4 cxd4 4. Nxd4 a6 5. Bd3 Nf6 6. Qe2 Qc7 7. O-O d6 8. Nc3 b5 {B42: Sicilian: Kan Variation: 5 Bd3.} 9. a4 b4 $1 {[%cal Rb4c3]} 10. Na2 d5 {[#] White is slightly better.} 11. c3 $146 {With the idea exd5.} ({Predecessor:} 11. e5 Nfd7 12. Bf4 Nc6 13. Nxc6 Qxc6 14. Nc1 Nc5 15. Nb3 Be7 16. Nd4 Qc7 17. Bd2 {1-0 (27) Pitra,A (2303)-Tjhin,I (2345) Jakarta 2011}) 11... dxe4 12. Bxe4 Nxe4 13. Qxe4 Bb7 14. Qg4 bxc3 15. Nxc3 Nd7 16. Bg5 Nf6 17. Qh3 Be7 (17... Rd8 $5 {[%cal Rd8d4]} 18. Nf3 Be7 $15) 18. Rac1 {[#] Ncb5 is the strong threat.} Qb6 $36 {[%mdl 2048] Black has good play.} 19. Rfd1 Rd8 20. Nde2 O-O 21. Rxd8 Rxd8 22. Rb1 Qa5 (22... Qb3 $19 23. Qe3 h6 24. Bxf6 Bxf6) 23. Be3 Nd5 (23... Ne4 $142 24. Ng3 Nd2 25. Bxd2 Rxd2) 24. Nxd5 $17 Qxd5 25. Rf1 (25. Nc3 $17 {was worth a try.} Qc6 26. f3) 25... Bf6 (25... Qc4 $19 26. Nc3 Rd3) 26. Bb6 (26. Nc3 $17 Qc6 27. f3) 26... Rc8 ({Not} 26... Bxb2 27. Bxd8 Qxd8 28. Qb3 $16) 27. Nf4 (27. Nc3 $17 {keeps fighting.} Qb3 28. a5) 27... Qf5 $2 ({Black should play} 27... Qd6 $19 28. Be3 Rc4) 28. Qxf5 $15 exf5 29. b4 Bc6 (29... Rc4 $15 30. Nd3 Bc6) 30. Rc1 $11 Bd7 {[%cal Rc8c1]} (30... Bb2 {feels hotter.} 31. Rc2 Bb7 32. Rxc8+ Bxc8 33. Nd5 Kf8) 31. Rxc8+ Bxc8 $14 {[%mdl 4096] Endgame KBB-KBN} 32. Bc5 Bd7 33. a5 Bb5 34. f3 Bc3 (34... Be5 $11 35. Nd5 f4) 35. Nd5 Bd2 (35... Be5 $14) 36. Nc7 ({White should try} 36. Ne7+ $16 Kh8 37. Nxf5) 36... Bd3 $2 {[#]} (36... Bc4 $14) 37. b5 $1 $18 {[%mdl 512]} Bxa5 (37... axb5 38. a6) 38. b6 (38. bxa6 $18 {and the rest is easy. Threatens to win with a7.} Bxa6 39. Nxa6) 38... f4 (38... Bc4 $16) 39. Nd5 {Hoping for b7.} Bxb6 40. Bxb6 f5 41. Nxf4 Bb5 42. Kf2 g5 43. Ne6 h6 44. Ke3 Kf7 45. Nc7 Bf1 (45... f4+ $142 46. Ke4 Bf1) 46. g3 Bc4 $2 (46... Kf6 47. f4 Ke7) 47. Kd4 Be2 48. f4 Kf6 49. Nd5+ Ke6 50. Ba5 Bf1 51. Ne3 Bb5 52. Kc5 Kf6 (52... gxf4 $142 53. gxf4 Be2) 53. Kd6 Bd3 54. Bc3+ Kg6 55. Ke6 Be4 56. Nd5 Kh5 57. Nf6+ {White mates.} Kg6 58. Nxe4 fxe4 {KB-KP} 59. Ke5 e3 60. Ke4 e2 61. Ke3 Kf5 62. fxg5 hxg5 63. h3 g4 64. h4 Ke6 65. Kxe2 Kd5 66. Ke3 {Never resign too early! Accuracy: White = 61%, Black = 43%.} 1-0

[Event "African Online-ch Women 2021"]
[Site "Online"]
[Date "2021.02.01"]
[Round "8.2"]
[White "Moaataz, Ayah"]
[Black "Mezioud, Amina"]
[Result "0-1"]
[WhiteElo "2028"]
[BlackElo "2071"]
[Annotator "TA"]
[PlyCount "112"]
[EventDate "2021.02.01"]
[EventType "swiss"]
[EventCountry "NET"]
[SourceTitle "playchess.com"]
[Source "ChessBase"]
[SourceQuality "1"]

{[%evp 17,112,10,46,0,0,-18,-22,-23,43,14,72,45,58,15,38,37,47,-5,-20,-35,16,10,51,52,43,53,42,18,10,-21,0,-8,0,-11,1,5,33,16,53,0,29,0,0,-31,277,285,271,195,350,343,328,238,215,0,0,0,0,0,0,0,0,-54,0,0,0,0,0,-532,-539,-532,-499,-491,-437,-694,-651,-1466,-1415,-2844,-2190,-1217,-392,-29938,-12499,-12737,-11678,-29980,-29981,-29982,-29983,-29983,-29982,-29983,-29983,-29983,-29984,-29987,-29987]} 1. c4 c6 2. g3 Nf6 3. Bg2 d5 4. Nf3 e6 5. O-O Be7 6. b3 O-O 7. Bb2 Nbd7 8. d3 Re8 9. Nbd2 Bf8 10. Qc2 {A14: English Opening: 1...e6 with b3 by White.} e5 11. cxd5 cxd5 12. Rac1 {The position is equal.} Bd6 (12... b6 $11) 13. e4 $14 Nb6 (13... d4 $11) 14. exd5 Nfxd5 {[#]} 15. Nc4 $146 ({Predecessor:} 15. a3 Bf5 16. Nh4 Rc8 17. Nc4 Be6 18. Qe2 f6 19. Be4 Bf8 20. Qf3 Rb8 21. d4 exd4 {½-½ (54) Lotfi,A (1973)-Mobarhani,N (1856) Teheran 2016}) 15... Nxc4 16. dxc4 Nb4 17. Qb1 (17. Qe4 $14 f5 18. Qe2) 17... e4 $11 18. Nd4 f5 (18... Nd3 $15) 19. Rcd1 Nd3 20. Rxd3 exd3 21. Bd5+ Kh8 22. Qxd3 Be5 23. Ba1 Rb8 24. Re1 {aiming for Qe2.} Bf6 25. Rd1 Qe7 26. Qf3 a5 27. Bc3 a4 28. b4 (28. bxa4 $14 Ra8 29. a5) 28... a3 29. c5 Bxd4 30. Bxd4 Qe2 $2 {[%mdl 8192]} (30... Be6 $15) 31. Qxe2 $18 Rxe2 32. Bc4 Re7 {[#]} (32... Re8 {keeps fighting.}) 33. Be5 $1 {[%mdl 512] Rd8+ would kill now.} Be6 34. Bxe6 Rbe8 {[#]} 35. Bd7 ({Not} 35. Bxf5 Rxe5 36. Bd3 Rd5 $17) (35. Bd5 $1 $18 Rxe5 36. Bxb7) 35... Rd8 $11 36. Bd6 (36. c6 $2 bxc6 37. Rd3 (37. b5 $2 cxb5 38. Rd5 Rdxd7 $19) 37... Rdxd7 $17) 36... Rexd7 {[%mdl 4096] Endgame KRR-KRB} 37. Rd3 Ra8 38. b5 Kg8 39. f4 ({White should try} 39. c6 $11 bxc6 40. bxc6) 39... Kf7 (39... Rc8 $15 40. Rd5 (40. Rxa3 b6 $17) 40... Rcd8) 40. c6 bxc6 41. bxc6 Rdd8 42. Rxa3 $2 {[%mdl 8192]} (42. c7 $1 $11 {and White has nothing to worry.} Rdc8 43. Be5) 42... Rxa3 $19 43. Bxa3 $11 {KR-KB} Rc8 44. Bb4 Rxc6 45. a3 (45. Kf2 $142) 45... Rc2 $19 46. Bd6 g6 47. h3 Ke6 48. Bb4 Kd5 49. Be1 $2 (49. g4 $19) 49... Ra2 50. Bf2 Rxa3 51. Kg2 Ke4 {Black mates.} 52. Bc5 Ra2+ 53. Bf2 h6 54. h4 h5 55. Kg1 Kf3 56. Bc5 Kxg3 {[%cal Ra2a1] Quite a comeback for Black.  Weighted Error Value: White=0.84/Black=0.29} 0-1

[Event "African Online-ch Women 2021"]
[Site "Online"]
[Date "2021.02.01"]
[Round "8.3"]
[White "Charinda, Kudzanayi"]
[Black "Latreche, Sabrina"]
[Result "0-1"]
[WhiteElo "1710"]
[BlackElo "2076"]
[Annotator "RC"]
[PlyCount "72"]
[EventDate "2021.02.01"]
[EventType "swiss"]
[EventCountry "NET"]
[SourceTitle "playchess.com"]
[Source "ChessBase"]
[SourceQuality "1"]
[TimeControl "1500+10"]

1. e4 {[%emt 0:00:00]} e5 {[%emt 0:00:03]} 2. Nf3 {[%emt 0:00:03]} Nc6 {[%emt 0:00:02]} 3. d4 {[%emt 0:00:12]} exd4 {[%emt 0:00:03]} 4. Bc4 {[%emt 0:00:05]} Nf6 {[%emt 0:00:10]} 5. e5 {[%emt 0:00:07]} d5 {[%emt 0:00:02]} 6. Bb5 {[%emt 0:00:03]} Ne4 {[%emt 0:00:03]} 7. Nxd4 {[%emt 0:00:06]} Bc5 {[%emt 0:00:09]} 8. O-O {[%emt 0:00:50]} Bd7 {[%emt 0:01:02]} 9. Bxc6 {[%emt 0:00:06]} bxc6 {[%emt 0:00:03]} 10. f3 {[%emt 0:00:55]} Ng5 {[%emt 0:00:20]} 11. f4 {[%emt 0:00:12]} Ne4 {[%emt 0:00:10]} 12. Be3 {[%emt 0:00:04]} O-O {[%emt 0:00:34]} 13. Nd2 {[%emt 0:00:18]} Nxd2 {[%emt 0:01:10]} 14. Qxd2 {[%emt 0:00:04]} f6 {[%emt 0:01:22]} 15. Nb3 {[%emt 0:02:40]} Bb6 {[%emt 0:01:00]} 16. Bc5 {[%emt 0:01:34]} fxe5 {[%emt 0:04:09]} 17. fxe5 {[%emt 0:00:26]} Qh4 {[%emt 0:01:22]} 18. Kh1 {[%emt 0:01:13]} Rfe8 {[%emt 0:00:09]} 19. Rf4 {[%emt 0:02:12]} Qh5 {[%emt 0:00:18]} 20. Raf1 {[%emt 0:00:37]} Qxe5 {[%emt 0:00:25]} 21. Qf2 {[%emt 0:02:09]} h6 {[%emt 0:01:16]} 22. Qg3 {[%emt 0:01:55]} g5 {[%emt 0:04:27]} 23. h4 {[%emt 0:02:18]} Bxc5 {[%emt 0:02:00]} 24. Nxc5 {[%emt 0:00:16]} Qd6 {[%emt 0:04:17]} 25. Nxd7 {[%emt 0:01:17]} Qxd7 {[%emt 0:00:05]} 26. hxg5 {[%emt 0:00:14]} h5 {[%emt 0:02:03]} 27. g6 {[%emt 0:00:45]} Re4 {[%emt 0:00:29]} 28. Rf7 {[%emt 0:01:20]} Qg4 {[%emt 0:00:21]} 29. Qxc7 {[%emt 0:01:10]} Qxg6 {[%emt 0:00:17]} 30. R7f6 {[%emt 0:02:25]} Qg5 {[%emt 0:01:28]} 31. Qf7+ {[%emt 0:02:33]} Kh8 {[%emt 0:00:02]} 32. g3 {[%emt 0:01:37]} Rg8 {[%emt 0:00:41]} 33. R6f3 {[%emt 0:00:32]} h4 {[%emt 0:00:06]} 34. Kg2 {[%emt 0:00:07]} Re2+ {[%emt 0:00:11]} 35. Kh1 {[%emt 0:00:09]} hxg3 {[%emt 0:00:05]} 36. Rxg3 {[%emt 0:00:08]} Qh4+ {[%emt 0:00:04]} 0-1

[Event "African Online-ch Women 2021"]
[Site "Online"]
[Date "2021.02.01"]
[Round "8.4"]
[White "Shaba, Linda Dalitso"]
[Black "Wafa, Shahenda"]
[Result "1/2-1/2"]
[WhiteElo "1603"]
[BlackElo "2143"]
[Annotator "TA"]
[PlyCount "107"]
[EventDate "2021.02.01"]
[EventType "swiss"]
[EventCountry "NET"]
[SourceTitle "playchess.com"]
[Source "ChessBase"]
[SourceQuality "1"]

{[%evp 14,107,34,31,40,-6,8,-64,0,0,5,1,15,4,2,0,5,0,23,13,25,-17,-28,-105,0,0,0,-39,-38,-38,-38,-54,-17,-19,6,7,29,25,125,127,124,0,0,-8,-14,-10,-2,-49,-49,-49,-49,-48,-42,-141,-5,-26,-15,-64,-62,-166,0,0,48,48,50,25,141,141,127,89,139,72,222,165,143,62,273,257,309,284,282,75,75,75,80,0,244,0,0,0,0,0,0,0,0,0]} 1. d4 f5 2. c4 g6 3. g3 Bg7 4. Bg2 Nf6 5. Nf3 d6 6. O-O O-O 7. Nc3 c6 {Nowadays more popular than 7...Qe8.} 8. Bf4 Nh5 {A88: Dutch Defence: Leningrad System: 5 Nf3 0-0 6 0-0 d6 7 Nc3 c6.} 9. Qd2 Nxf4 10. Qxf4 {[#]} (10. gxf4 $11 Nd7 11. Rfd1) 10... Na6 $146 (10... e5 $1 $15 11. Qd2 (11. dxe5 dxe5 12. Qc1 e4 $17) 11... e4) ({Predecessor:} 10... Qc7 11. c5 Na6 12. cxd6 Qxd6 13. Qxd6 exd6 14. e3 h6 15. a3 Nc7 16. Rfd1 d5 {½-½ (30) Walkowski,J (1496)-Kabzinski,J (1433) Poznan 2017}) 11. Rfd1 $11 Qe8 12. d5 Bd7 13. Rac1 h6 14. h4 Rc8 15. Nd4 Kh7 16. Qe3 Bf6 17. Ne6 Bxe6 18. Qxe6 (18. dxe6 $11 {remains equal.} Ra8 19. a3) 18... Nc5 (18... Be5 $1 $17 19. dxc6 bxc6) 19. Qe3 a5 20. a3 a4 21. Rc2 g5 22. hxg5 hxg5 23. Qf3 Qg6 (23... Bxc3 {looks sharper.} 24. Rxc3 Qf7 25. e3 Kh6 26. Qe2 Qh5) 24. e4 $1 {[%cal Re4f5]} Bxc3 25. exf5 Qxf5 (25... Rxf5 $11 26. Qxc3 Re5) 26. Qxf5+ $16 Rxf5 27. Rxc3 (27. Bh3 $1 $16 {[%cal Rh3f5]} e6 28. Bxf5+ (28. bxc3 Re5 $16) 28... exf5 29. Rxc3) 27... Re5 $11 28. Rc2 Kg7 29. Kf1 Kf6 30. Re1 (30. Rc3 {seems wilder.} Nb3 31. Rf3+ Kg6 32. Bh3 Rh8 33. Kg2) 30... Rxe1+ 31. Kxe1 cxd5 32. Bxd5 $15 {[%mdl 4096] Endgame KRB-KRN} e6 33. Bg2 (33. Bh1 $1 $15) 33... b6 (33... d5 $1 $17 34. Ke2 (34. cxd5 $2 Nd3+ {[%mdl 64] Discovered Attack} 35. Kd2 Rxc2+ {[%mdl 64] Overworked Piece} 36. Kxc2 Ne1+ {[%mdl 64] Double Attack} 37. Kc3 Nxg2 $19) 34... d4) 34. Kd2 Ke5 35. Kc3 d5 36. Kb4 (36. Re2+ $15 Kd6 37. cxd5) 36... dxc4 $2 (36... d4 $19 37. Re2+ Kd6) 37. Kb5 $11 Kd4 38. Rxc4+ Kd3 39. Rc3+ Kd2 (39... Kd4 $11) 40. Kxb6 $16 Nd7+ {[#]} 41. Ka5 $1 Rb8 42. Be4 ({Resist} 42. Kxa4 $6 Rxb2 43. Rc6 Ke1 $14) (42. Bc6 $142 Rxb2 43. Re3) 42... Ne5 (42... Nf6 $16 {was called for.} 43. Bg6 Rg8) 43. Kxa4 {aiming for Rc2+.} Rxb2 44. Rc5 (44. Rb3 $16 Ra2 45. Rb5) 44... Ng4 $2 ({Black should play} 44... Nd3 $14 45. Bxd3 (45. Rxg5 Nxf2 46. Bg6 Nd1 $14) 45... Kxd3) 45. f3 $18 ({Less strong is} 45. Rxg5 Nxf2 46. Bc6 Kc3 $16) 45... Ne3 46. Rxg5 Nc4 {[#]} 47. Rh5 $2 (47. Rb5 $1 $18 {[%cal Rb5b2] and the rest is easy. Black must now prevent Rxb2+.} Nb6+ 48. Ka5 Nc4+ 49. Ka4 Nb6+ 50. Ka5 Nc4+ 51. Ka6) 47... Kc3 $16 48. Rc5 Rb6 49. g4 ({White should try} 49. Rc6 $16 {And now Rxb6 would win.} Rb3 50. Rxe6) 49... Kd4 $2 (49... Ra6+ $11 {and Black has nothing to worry.} 50. Kb5 {[%mdl 64] Double Attack} Rb6+ 51. Ka4 Ra6+ 52. Kb5 {[%mdl 64] Double Attack} Rb6+ 53. Ka4) 50. Rh5 $2 ({Only move:} 50. Rc6 $18 {Rxb6 is the strong threat.} Nb2+ 51. Ka5) 50... Nb2+ {The position is equal.} 51. Ka5 Nc4+ {[%mdl 64] Double Attack} 52. Ka4 Nb2+ 53. Ka5 Nc4+ {[%mdl 64] Double Attack} 54. Ka4 {Black escapes into a draw.  Weighted Error Value: White=0.42/Black=0.44} 1/2-1/2